00521nam a2200205Ia 4500003000900000005001700009008004100026040001300067040001300080041000800093100001800101245009300119250001200212260001500224260000900239300001200248300001000260490003600270490000900306IT-RoPAU20220918175705.0120407s9999 xx 000 0 und d aIT-RoPAU cIT-RoPAU aita aJohn P. Meier aUn ebreo marginale. Ripensare il Gesù storico. Vol. 2°: Mentore, messaggio e miracoli aBrescia aQueriniana c2002 a1338 p. c23 cm aBiblioteca di Teologia Contemp. v1120